30 best footballers 2018 - Statistics

General Stats
  • This quiz has been taken 82 times
  • The average score is 18 of 30
Answer Stats
Rank Answer % Correct
2 Ronaldo
100%
5 Messi
99%
1 Modric
94%
12 Neymar
90%
4 Mbappe
89%
8 Hazard
79%
6 Salah
78%
9 De Bruyne
74%
3 Griezmann
74%
21 Ramos
71%
10 Kane
68%
15 Pogba
68%
13 Suarez
68%
16 Aguero
67%
17 Bale
64%
22 Mane
64%
20 Firmino
57%
18 Benzema
56%
14 Courtois
56%
11 Kante
54%
7 Varane
51%
24 Cavani
50%
23 Marcelo
44%
29 Lloris
42%
25 Alisson
38%
19 Rakitic
36%
30 Isco
33%
26 Oblak
29%
28 Godin
28%
27 Mandzukic
26%
No matching quizzes found
Score Distribution
Percent of People with Each Score
Percentile by Number Answered
Your Score History
You have not taken this quiz